TEXT BOOK OF MICROBIOLOGY (Record no. 16879)
[ view plain ]
| 000 -LEADER | |
|---|---|
| fixed length control field | 00341nam a22001577a 4500 |
| 003 - CONTROL NUMBER IDENTIFIER | |
| control field | SGT |
| 020 ## - INTERNATIONAL STANDARD BOOK NUMBER | |
| International Standard Book Number | 978-81-7855-640-6 |
| 082 ## - DEWEY DECIMAL CLASSIFICATION NUMBER | |
| Classification number | 616.904 |
| Item number | M18B |
| 100 ## - MAIN ENTRY--PERSONAL NAME | |
| Personal name | BAVEJA,C.P. |
| 245 ## - TITLE STATEMENT | |
| Title | TEXT BOOK OF MICROBIOLOGY |
| 250 ## - EDITION STATEMENT | |
| Edition statement | 6TH |
| 260 ## - PUBLICATION, DISTRIBUTION, ETC. (IMPRINT) | |
| Place of publication, distribution, etc | NEW DELHI |
| Name of publisher, distributor, etc | ARYA PUB |
| Year of Publication | 2018 |
| 300 ## - PAGE DESCRIPTION | |
| No. of Pages | 700 |
| 650 ## - SUBJECT ADDED ENTRY--TOPICAL TERM | |
| Topical term or geographic name as entry element | AYURVEDA |
| 942 ## - ADDED ENTRY ELEMENTS (KOHA) | |
| Source of classification or shelving scheme | Dewey Decimal Classification |
| Koha item type | Books |
| 942 ## - ADDED ENTRY ELEMENTS (KOHA) | |
| -- | 112 |
| Withdrawn status | Lost status | Source of classification or shelving scheme | Damaged status | Not for loan | Collection code | Home library | Current library | Shelving location | Date acquired | Vendor Name | Cost, normal purchase price | SGTU | Bill Number | Total Checkouts | Full call number | Accession No. (Barcode) | Date last seen | Date last borrowed | Bill Date | Koha item type | Use restrictions |
|---|---|---|---|---|---|---|---|---|---|---|---|---|---|---|---|---|---|---|---|---|---|
| Dewey Decimal Classification | AYURVEDA | SGT FA-FP Library | SGT FA-FP Library | Text Book | 14/02/2019 | AHUJA PUB | 895.00 | SGTU | 10602 | 16 | 616.904 M18B | FA9906 | 28/04/2026 | 16/04/2026 | 31/01/2019 | Books | |||||
| Dewey Decimal Classification | AYURVEDA | SGT FA-FP Library | SGT FA-FP Library | Text Book | 14/02/2019 | AHUJA PUB | 895.00 | SGTU | 10602 | 20 | 616.904 M18B | FA9907 | 30/10/2025 | 17/10/2025 | 31/01/2019 | Books | |||||
| Dewey Decimal Classification | AYURVEDA | SGT FA-FP Library | SGT FA-FP Library | Reference Book | 14/02/2019 | AHUJA PUB | 895.00 | SGTU | 10602 | 616.904 M18B | FA9908 | 14/02/2019 | 31/01/2019 | Books | Restricted Access | ||||||
| Dewey Decimal Classification | AYURVEDA | SGT FA-FP Library | SGT FA-FP Library | Text Book | 14/02/2019 | AHUJA PUB | 895.00 | SGTU | 10602 | 17 | 616.904 M18B | FA9909 | 27/09/2025 | 22/09/2025 | 31/01/2019 | Books | |||||
| Dewey Decimal Classification | AYURVEDA | SGT FA-FP Library | SGT FA-FP Library | Text Book | 14/02/2019 | AHUJA PUB | 895.00 | SGTU | 10602 | 23 | 616.904 M18B | FA9910 | 07/10/2025 | 10/09/2025 | 31/01/2019 | Books | |||||
| Dewey Decimal Classification | AYURVEDA | SGT FA-FP Library | SGT FA-FP Library | Text Book | 14/02/2019 | AHUJA PUB | 895.00 | SGTU | 10602 | 5 | 616.904 M18B | FA9911 | 06/08/2024 | 02/08/2024 | 31/01/2019 | Books | |||||
| Dewey Decimal Classification | AYURVEDA | SGT FA-FP Library | SGT FA-FP Library | Text Book | 14/02/2019 | AHUJA PUB | 895.00 | SGTU | 10602 | 24 | 616.904 M18B | FA9912 | 08/12/2025 | 24/11/2025 | 31/01/2019 | Books | |||||
| Dewey Decimal Classification | AYURVEDA | SGT FA-FP Library | SGT FA-FP Library | Text Book | 14/02/2019 | AHUJA PUB | 895.00 | SGTU | 10602 | 21 | 616.904 M18B | FA9913 | 03/09/2025 | 13/08/2025 | 31/01/2019 | Books | |||||
| Dewey Decimal Classification | AYURVEDA | SGT FA-FP Library | SGT FA-FP Library | Text Book | 14/02/2019 | AHUJA PUB | 895.00 | SGTU | 10602 | 15 | 616.904 M18B | FA9914 | 08/05/2026 | 25/04/2026 | 31/01/2019 | Books | |||||
| Dewey Decimal Classification | AYURVEDA | SGT FA-FP Library | SGT FA-FP Library | Text Book | 14/02/2019 | AHUJA PUB | 895.00 | SGTU | 10602 | 14 | 616.904 M18B | FA9915 | 12/09/2025 | 12/09/2025 | 31/01/2019 | Books |